Zásady zvyšovania ekonomickej efektívnosti hlavných výrobkových odvetví v rozdielnych prírodných podmienkach záverečná výskumná správa ŠPEV 903 529 308-03/1

Gespeichert in:
Bibliographische Detailangaben
1. Verfasser: Ižáková, Viera
Format: Buch
Sprache:Slowakisch
Veröffentlicht: Bratislava Výskumný ústav ekonomiky poľnohospodárstva a potravinárstva 1982
Tags: Tag hinzufügen
Keine Tags, Fügen Sie das erste Tag hinzu!

MARC

LEADER 00000nam a2200000 4500
001 c136421
005 20210820123938.4
041 0 |a slo 
044 |a SK 
245 1 0 |a Zásady zvyšovania ekonomickej efektívnosti hlavných výrobkových odvetví v rozdielnych prírodných podmienkach  |b záverečná výskumná správa ŠPEV 903 529 308-03/1  |c Viera Ižáková 
264 1 |a Bratislava  |b Výskumný ústav ekonomiky poľnohospodárstva a potravinárstva  |c 1982 
300 |a 69 s. 
100 1 |a Ižáková, Viera